000 00348nam a2200145Ia 4500
999 _c7591
_d7591
008 191201s2011 xx 000 0 und d
020 _a9788125952053
100 _aCHAWLA,Deepak
245 0 _aResearch Methodology
250 _a1st
260 _c2011
_bVikas Publication House
_aN. delhi
300 _a670
650 _aMBA
942 _2ddc
_cBB
_0139